“Hacer de la calle un museo de la calle”. El grafiti y sus actores en una colonia popular de Ecatepec, Estado de México (Record no. 186043)

MARC details
000 -CABECERA
campo de control de longitud fija 01758nab a2200277 a 4500
005 - FECHA Y HORA DE LA ÚLTIMA TRANSACCIÓN
campo de control 20250622130211.0
008 - ELEMENTOS DE LONGITUD FIJA--INFORMACIÓN GENERAL
campo de control de longitud fija 991125c2016 mx tr p o 000 0 spa d
035 ## - NÚMERO DE CONTROL DEL SISTEMA
Número de control de sistema UPN01000213943
040 ## - FUENTE DE LA CATALOGACIÓN
Centro catalogador/agencia de origen MX-MxUPN
Lengua de catalogación spa
Centro/agencia transcriptor MX-MxUPN
Normas de descripción aacr2
049 ## - COLECCIÓN
Colección ART-E
100 1# - ASIENTO PRINCIPAL--NOMBRE PERSONAL
Nombre de persona Araiza Díaz, Erika
Enlace - miradile7@gmail.com
100 1# - ASIENTO PRINCIPAL--NOMBRE PERSONAL
Nombre de persona Martínez González, Roberto
9 (RLIN) 40408
245 10 - MENCIÓN DE TÍTULO
Título “Hacer de la calle un museo de la calle”. El grafiti y sus actores en una colonia popular de Ecatepec, Estado de México
506 0# - NOTA DE RESTRICCIONES AL ACCESO
Limitaciones de acceso Acceso abierto
520 3# - NOTA DE RESUMEN, ETC.
Sumario, etc. A partir de un caso de estudio, este trabajo describe cómo el fenómeno global del grafiti ha sido apropiado y resignificado por los habitantes de una colonia periférica de la Ciudad de México. Los relatos de los pintores callejeros explican el origen de tales manifestaciones en la guerra de pandillas que se desarrolló en la región hacia finales del siglo XX y cómo se desvincularon de la delincuencia para convertirse en instrumentos de crítica social. El análisis de la imagen es testimonio de los nuevos usos a los que se somete la pinta callejera y las clases de contenido que circulan por este medio. Se señala que si la comunidad estima y promueve la producción gráfica es porque ésta refleja los sentimientos de la colectividad.
650 #4 - ASIENTO SECUNDARIO DE MATERIA - TERMINO TEMATICO
Término de materia o nombre geográfico como elemento de entrada Graffiti
9 (RLIN) 258
650 #2 - ASIENTO SECUNDARIO DE MATERIA - TERMINO TEMATICO
Término de materia o nombre geográfico como elemento de entrada Antropología urbana
9 (RLIN) 5812
650 #2 - ASIENTO SECUNDARIO DE MATERIA - TERMINO TEMATICO
Término de materia o nombre geográfico como elemento de entrada Jóvenes
9 (RLIN) 5660
653 0# - TERMINO DE INDIZACION - NO CONTROLADO
Término no controlado Análisis de la imagen
653 05 - TERMINO DE INDIZACION - NO CONTROLADO
Término no controlado Ecatepec de Morelos, Estado de México
773 ## - ENLACE AL DOCUMENTO FUENTE/ENTRADA DE REGISTRO ANFITRIÓN
Parte(s) relacionada(s) No. 51 (2016), p. 110-119
Título Desacatos : revista de antropología social
Número Internacional Normalizado para Publicaciones Seriadas 1607-050X
856 4# - LOCALIZACIÓN Y ACCESO ELECTRÓNICOS
Identificador Uniforme del Recurso <a href="https://desacatos.ciesas.edu.mx/index.php/Desacatos/article/view/1586">https://desacatos.ciesas.edu.mx/index.php/Desacatos/article/view/1586</a>
902 ## - ELEMENTOS DE DATOS B LOCAL, LDB (RLIN)
Creó Gloria Jiménez/070225
905 ## - TIPO DE MATERIAL
Tipo de material Articulo
942 ## - ELEMENTOS DE PUNTO DE ACCESO ADICIONAL (KOHA)
Tipo de ítem Koha Artículo Electrónico
Holdings
Estado de retiro Estado de pérdida Estado dañado No para préstamo Código de colección Localización permanente Ubicación/localización actual Ubicación en estantería Fecha de adquisición Total de préstamos Fecha visto por última vez Identificador Uniforme del Recurso Precio válido a partir de Tipo de ítem Koha
        Acceso abierto Bib. Gregorio Torres Quintero Bib. Gregorio Torres Quintero En línea 07/02/2025   07/02/2025 https://desacatos.ciesas.edu.mx/index.php/Desacatos/article/view/1586 07/02/2025 Artículo Electrónico